[Event "Harrachov op-A"]
[Site "Harrachov"]
[Date "2009.10.26"]
[Round "3"]
[White "Luzikova, Nicola"]
[Black "Bernath, Stefan"]
[Result "1/2-1/2"]
[WhiteElo "1775"]
[BlackElo "1944"]
[PlyCount "84"]
[EventDate "2009.10.24"]
[EventType "swiss"]
[EventRounds "9"]
[EventCountry "CZE"]
[SourceTitle "EXT 2012"]
[Source "ChessBase"]
[SourceDate "2011.11.24"]
[SourceVersion "1"]
[SourceVersionDate "2011.11.24"]
[SourceQuality "1"]

1. e4 c5 2. Nf3 e6 3. d4 cxd4 4. Nxd4 a6 5. Be2 Nf6 6. Nc3 Qc7 7. 0-0 b5 8. a3 Bb7 9. Bd3 d6 10. Be3 Be7 11. f4 Nbd7 12. Qe1 Ng4 13. Bd2 Qb6 14. Nce2 e5 15. Ba5 Qa7 16. Bc3 Ngf6 17. Qf2 exd4 18. Bxd4 Qb8 19. Rae1 0-0 20. Ng3 Re8 21. e5 Nd5 22. e6 fxe6 23. Rxe6 Bf6 24. Rfe1 Rxe6 25. Rxe6 Bxd4 26. Qxd4 Nc5 27. Bf5 Nxe6 28. Bxe6+ Kh8 29. Bxd5 Bxd5 30. Qxd5 Qf8 31. Nf5 Ra7 32. g3 Rc7 33. Qd3 d5 34. c3 Qc5+ 35. Qd4 Qxd4+ 36. Nxd4 Re7 37. Kf2 Kg8 38. Nc6 Re6 39. Ne5 g5 40. Nd3 gxf4 41. Nxf4 Re5 42. Nd3 Re6 1/2-1/2

[Event "Ricany op-A"]
[Site "Ricany"]
[Date "2008.08.27"]
[Round "6"]
[White "Matejovsky, Ondrej"]
[Black "Bernath, Stefan"]
[Result "1/2-1/2"]
[WhiteElo "2014"]
[BlackElo "1952"]
[PlyCount "35"]
[EventDate "2008.08.23"]
[EventType "swiss"]
[EventRounds "9"]
[EventCountry "CZE"]
[SourceTitle "CBM 126 Extra"]
[Source "ChessBase"]
[SourceDate "2008.11.05"]
[SourceVersion "1"]
[SourceVersionDate "2008.11.05"]
[SourceQuality "1"]

1. Nf3 c5 2. c4 e6 3. d4 cxd4 4. Nxd4 a6 5. g3 Qc7 6. Qc2 d6 7. Bg2 Bd7 8. 0-0 Nc6 9. e3 Nf6 10. b3 Be7 11. Bb2 0-0 12. Nc3 Nxd4 13. exd4 d5 14. cxd5 exd5 15. Rac1 Qd6 16. Rfe1 Rfe8 17. Qd3 Bf8 18. Qd2 1/2-1/2

[Event "Ricany op-A"]
[Site "Ricany"]
[Date "2008.08.25"]
[Round "4"]
[White "Havlicek, Pavel"]
[Black "Bernath, Stefan"]
[Result "1/2-1/2"]
[WhiteElo "1601"]
[BlackElo "1952"]
[PlyCount "73"]
[EventDate "2008.08.23"]
[EventType "swiss"]
[EventRounds "9"]
[EventCountry "CZE"]
[SourceTitle "CBM 126 Extra"]
[Source "ChessBase"]
[SourceDate "2008.11.05"]
[SourceVersion "1"]
[SourceVersionDate "2008.11.05"]
[SourceQuality "1"]

1. e4 c5 2. Nf3 e6 3. d4 cxd4 4. Nxd4 a6 5. a4 Nf6 6. Nc3 Bb4 7. Qf3 Qc7 8. Bd2 Qe5 9. Nb3 Nc6 10. Bd3 Qc7 11. 0-0 0-0 12. Qg3 Qxg3 13. fxg3 Ne5 14. Bg5 Be7 15. Rad1 d6 16. Nd4 h6 17. Bc1 Bd7 18. b3 Rac8 19. Nce2 Nc6 20. Ba3 Rfe8 21. Nxc6 Bxc6 22. Nc3 Ng4 23. Rf3 Ne5 24. Re3 Red8 25. h3 Be8 26. Bb4 Nc6 27. Ba3 Bf6 28. Ne2 Nd4 29. Nxd4 Bxd4 30. Kf2 Bxe3+ 31. Kxe3 d5 32. e5 Bc6 33. Rd2 b5 34. a5 Be8 35. Kd4 Rd7 36. Rf2 Rdc7 37. Bb4 1/2-1/2

[Event "Ricany op-A"]
[Site "Ricany"]
[Date "2006.08.30"]
[Round "7"]
[White "Feierfeil, Jiri"]
[Black "Bernath, Stefan"]
[Result "0-1"]
[WhiteElo "2013"]
[BlackElo "1967"]
[PlyCount "94"]
[EventDate "2006.08.24"]
[EventType "swiss"]
[EventRounds "9"]
[EventCountry "CZE"]
[SourceTitle "EXT 2007"]
[Source "ChessBase"]
[SourceDate "2006.11.23"]
[SourceVersion "1"]
[SourceVersionDate "2006.11.23"]
[SourceQuality "1"]

1. d4 Nf6 2. c4 e6 3. Nc3 Bb4 4. Qc2 c5 5. e3 cxd4 6. exd4 b6 7. Bd3 Bb7 8. f3 Be7 9. Be3 d6 10. Nge2 Nbd7 11. 0-0 Rc8 12. b4 0-0 13. Rac1 Re8 14. Ng3 Nf8 15. Qb3 Ba8 16. Rfd1 Qc7 17. Bf4 e5 18. dxe5 dxe5 19. Be3 Qb8 20. Nf5 Ng6 21. Nd5 Nxd5 22. cxd5 Bd6 23. Rxc8 Rxc8 24. Ba6 Rd8 25. a4 Ne7 26. Nxd6 Qxd6 27. Bc4 h6 28. g3 Bxd5 29. f4 exf4 30. Bxf4 Qe6 31. Qd3 Rd7 32. Bb5 Bc6 33. Qf1 Bxb5 34. axb5 Rxd1 35. Qxd1 Nd5 36. Bb8 Qe3+ 37. Kg2 Qe4+ 38. Kf2 Qe3+ 39. Kg2 Qe4+ 40. Kf2 Nxb4 41. Qd8+ Kh7 42. Bxa7 Nd3+ 43. Kg1 Qe1+ 44. Kg2 Qf2+ 45. Kh3 Qf1+ 46. Kg4 f5+ 47. Kh5 Qh3+ 0-1

[Event "Ricany op-A"]
[Site "Ricany"]
[Date "2006.08.29"]
[Round "6"]
[White "Bernath, Stefan"]
[Black "Kojetsky, Pavel"]
[Result "0-1"]
[WhiteElo "1967"]
[BlackElo "2168"]
[PlyCount "95"]
[EventDate "2006.08.24"]
[EventType "swiss"]
[EventRounds "9"]
[EventCountry "CZE"]
[SourceTitle "EXT 2007"]
[Source "ChessBase"]
[SourceDate "2006.11.23"]
[SourceVersion "1"]
[SourceVersionDate "2006.11.23"]
[SourceQuality "1"]

1. e4 e5 2. Nf3 Nc6 3. Bb5 a6 4. Bxc6 dxc6 5. 0-0 Bd6 6. d4 exd4 7. Qxd4 f6 8. Be3 Ne7 9. c4 c5 10. Qc3 Ng6 11. Nbd2 0-0 12. Rfe1 Be6 13. Rad1 Qe7 14. b3 h5 15. h3 a5 16. Qc2 a4 17. Ra1 Qd7 18. Red1 Qc6 19. Nf1 Rfe8 20. Rd5 axb3 21. Qxb3 Bxd5 22. exd5 Qd7 23. N1d2 b6 24. Qc2 Kf7 25. Ne4 Nf8 26. Nc3 Ng6 27. Ne4 Nf8 28. Nc3 g6 29. Re1 Qf5 30. Qd2 g5 31. Nb5 Ra4 32. Rc1 Re4 33. Qd3 Kg6 34. Nd2 Re8 35. Qb3 Ra6 36. a3 Nd7 37. Nf3 Ne5 38. Nxe5+ Bxe5 39. Rd1 Rea8 40. Bc1 Ra4 41. Be3 Qe4 42. Rc1 g4 43. hxg4 hxg4 44. Qc2 Qxc2 45. Rxc2 f5 46. g3 Re8 47. Kf1 Bxg3 48. Bxc5 0-1

[Event "Ricany op-A"]
[Site "Ricany"]
[Date "2006.08.27"]
[Round "4"]
[White "Bernath, Stefan"]
[Black "Horak, Vladimir"]
[Result "1/2-1/2"]
[WhiteElo "1967"]
[BlackElo "2107"]
[PlyCount "43"]
[EventDate "2006.08.24"]
[EventType "swiss"]
[EventRounds "9"]
[EventCountry "CZE"]
[SourceTitle "EXT 2007"]
[Source "ChessBase"]
[SourceDate "2006.11.23"]
[SourceVersion "1"]
[SourceVersionDate "2006.11.23"]
[SourceQuality "1"]

1. e4 e6 2. d4 d5 3. Nd2 Nf6 4. e5 Nfd7 5. Bd3 c5 6. c3 Nc6 7. Ne2 Qb6 8. Nf3 cxd4 9. cxd4 Bb4+ 10. Bd2 Bxd2+ 11. Qxd2 Qb4 12. Rc1 Qxd2+ 13. Kxd2 Nb6 14. Nf4 Bd7 15. b3 Ke7 16. h4 Rac8 17. Bb1 Nb4 18. Rxc8 Nxc8 19. Rc1 Nc6 20. Nd3 b6 21. Nf4 h6 22. Ke3 1/2-1/2

[Event "CZE-chT2J 0203"]
[Site "Czech Republic"]
[Date "2003.??.??"]
[Round "4"]
[White "Bernath, Stefan"]
[Black "Vitak, Pavel"]
[Result "1-0"]
[WhiteElo "1974"]
[BlackElo "2129"]
[PlyCount "123"]
[EventDate "2002.10.??"]
[EventType "team"]
[EventRounds "11"]
[EventCountry "CZE"]
[SourceTitle "EXT 2007"]
[Source "ChessBase"]
[SourceDate "2006.11.23"]
[SourceVersion "1"]
[SourceVersionDate "2006.11.23"]
[SourceQuality "1"]

1. e4 e5 2. Nf3 Nc6 3. Bb5 a6 4. Ba4 Nf6 5. d3 Bc5 6. 0-0 d6 7. h3 b5 8. Bb3 Bd7 9. c3 0-0 10. Re1 Qe7 11. Nbd2 Nh5 12. Nf1 Qf6 13. Ne3 Nf4 14. Nd5 Nxd5 15. exd5 Na5 16. Bc2 Nb7 17. Bg5 Qg6 18. d4 f5 19. dxc5 Nxc5 20. Be3 e4 21. Nh4 Qf6 22. Qh5 Be8 23. Qg5 Qxg5 24. Bxg5 h6 25. Be3 g5 26. Bxc5 dxc5 27. Nxf5 Rxf5 28. Bxe4 Rf6 29. Bf3 Kf8 30. Re5 Rd8 31. Rae1 Bf7 32. R1e3 Re8 33. b3 Rxe5 34. Rxe5 Rd6 35. Kf1 Rd7 36. Ke2 Kg7 37. Be4 Kf6 38. Rf5+ Kg7 39. Re5 Kf6 40. Rf5+ Kg7 41. Ke3 Re7 42. f4 gxf4+ 43. Kxf4 Rd7 44. Re5 Kf6 45. g4 Rd8 46. h4 Rd7 47. g5+ hxg5+ 48. Rxg5 Rd8 49. h5 Rh8 50. Bg6 Bxg6 51. Rxg6+ Kf7 52. Kg5 Re8 53. Rf6+ Kg8 54. Rxa6 b4 55. c4 Re2 56. h6 Kh7 57. Kf5 Rg2 58. Rc6 Rxa2 59. Rxc7+ Kxh6 60. Rxc5 Rb2 61. d6 Rxb3 62. d7 1-0

[Event "CZE-chT2J 0203"]
[Site "Czech Republic"]
[Date "2002.??.??"]
[Round "4"]
[White "Bernath, Stefan"]
[Black "Vaindl, Jaroslav"]
[Result "0-1"]
[WhiteElo "1974"]
[BlackElo "2124"]
[PlyCount "72"]
[EventDate "2002.10.??"]
[EventType "team"]
[EventRounds "11"]
[EventCountry "CZE"]
[SourceTitle "EXT 2007"]
[Source "ChessBase"]
[SourceDate "2006.11.23"]
[SourceVersion "1"]
[SourceVersionDate "2006.11.23"]
[SourceQuality "1"]

1. e4 c5 2. Nf3 Nc6 3. d4 cxd4 4. Nxd4 Nf6 5. Nc3 e5 6. Ndb5 d6 7. Bg5 a6 8. Na3 b5 9. Nd5 Be7 10. Bxf6 Bxf6 11. c3 0-0 12. Nc2 Bg5 13. Nce3 Bb7 14. Bd3 Bxe3 15. Nxe3 Ne7 16. Qg4 d5 17. 0-0 d4 18. cxd4 Qxd4 19. Rfd1 Bc8 20. Qe2 Qb6 21. Rac1 Be6 22. b3 Rad8 23. Rc3 f6 24. Rdc1 Rd6 25. Qc2 Rfd8 26. Nf1 R8d7 27. Be2 b4 28. Rc7 a5 29. Rxd7 Rxd7 30. Qc5 Qxc5 31. Rxc5 a4 32. Bb5 Rd4 33. Bxa4 Rxe4 34. Rc2 Re1 35. f3 Nd5 36. Kf2 Rxf1+ 0-1

[Event "CZE-chT2J 0203"]
[Site "Czech Republic"]
[Date "2002.??.??"]
[Round "4"]
[White "Hlavac, Rudolf"]
[Black "Bernath, Stefan"]
[Result "1/2-1/2"]
[WhiteElo "2149"]
[BlackElo "1974"]
[PlyCount "126"]
[EventDate "2002.10.??"]
[EventType "team"]
[EventRounds "11"]
[EventCountry "CZE"]
[SourceTitle "EXT 2007"]
[Source "ChessBase"]
[SourceDate "2006.11.23"]
[SourceVersion "1"]
[SourceVersionDate "2006.11.23"]
[SourceQuality "1"]

1. e4 e5 2. Nf3 Nc6 3. Bb5 a6 4. Ba4 Nf6 5. d4 Nxd4 6. Nxd4 exd4 7. e5 Ne4 8. Qxd4 Nc5 9. Nc3 Nxa4 10. Nxa4 b5 11. Nc3 Bb7 12. 0-0 c5 13. Qd3 Qh4 14. Nd5 Rc8 15. Rd1 Bc6 16. Bf4 Qg4 17. Bg3 Qg6 18. Qe2 Qe6 19. c4 Be7 20. f4 Bd8 21. b3 0-0 22. Qf2 Qf5 23. Rd2 bxc4 24. bxc4 Rb8 25. h3 Bxd5 26. Rxd5 Rb4 27. Qe2 Be7 28. Rad1 Rb7 29. Kh2 h6 30. Qd3 Qxd3 31. R1xd3 Rd8 32. Be1 Re8 33. Rxd7 Rb2 34. a4 Re2 35. Bd2 f6 36. Re3 Rxe3 37. Bxe3 fxe5 38. fxe5 Bf8 39. Rd5 Rc8 40. Rd7 Rc6 41. a5 Re6 42. Rd5 Rc6 43. Kg3 Kf7 44. Kf4 Ke6 45. Ke4 Rc8 46. h4 Be7 47. h5 Rc7 48. g4 Rc8 49. Kf3 Rf8+ 50. Kg3 Rc8 51. g5 Bf8 52. gxh6 gxh6 53. Bxh6 Bxh6 54. Rd6+ Kxe5 55. Rxh6 Kd4 56. Rxa6 Kxc4 57. Rb6 Kd4 58. a6 c4 59. a7 Ra8 60. Rb7 c3 61. Rc7 Kd3 62. h6 c2 63. Kf3 Kd2 1/2-1/2